Loading...
Fine Arts - Classical Music | 6 | 13.33 | 100% | 33% | 0% |
Fine Arts - Other Fine Arts | 2 | 15.00 | 100% | 50% | 0% |
Fine Arts - Visual Fine Arts | 1 | 10.00 | 100% | 0% | 0% |
Geography/Current Events | 2 | 15.00 | 100% | 50% | 0% |
History - American History | 5 | 12.00 | 80% | 40% | 0% |
History - European History | 6 | 16.67 | 83% | 67% | 17% |
History - Other History | 3 | 10.00 | 100% | 0% | 0% |
History - World History | 6 | 6.67 | 50% | 17% | 0% |
Literature - American Literature | 2 | 20.00 | 100% | 100% | 0% |
Literature - British Literature | 4 | 7.50 | 75% | 0% | 0% |
Literature - European Literature | 4 | 10.00 | 100% | 0% | 0% |
Literature - World/Other Literature | 4 | 10.00 | 100% | 0% | 0% |
Mythology | 5 | 24.00 | 100% | 80% | 60% |
Other Academic | 1 | 20.00 | 100% | 100% | 0% |
Philosophy | 4 | 5.00 | 50% | 0% | 0% |
Religion | 5 | 20.00 | 100% | 80% | 20% |
Science - Biology | 2 | 25.00 | 100% | 50% | 100% |
Science - Chemistry | 3 | 13.33 | 67% | 67% | 0% |
Science - Other Science | 5 | 10.00 | 100% | 0% | 0% |
Science - Physics | 5 | 10.00 | 100% | 0% | 0% |
Social Science | 7 | 10.00 | 100% | 0% | 0% |